Tự điển Chàm - Việt - Pháp = Dictionaire Căm - Vietnamien - Francais /

Uloženo v:
Podrobná bibliografie
Další autoři: Lưu Ngọc Hiển, Nại Thành Bô, Thiên Sanh Cảnh
Médium: Sách giấy
Jazyk:French
Vietnamese
Vydáno: London : Macmillan, 1971
Tagy: Přidat tag
Žádné tagy, Buďte první, kdo otaguje tento záznam!
Thư viện lưu trữ: Thư viện Trường Đại học Đà Lạt
LEADER 00735nam a2200277 4500
001 DLU020017008
005 ##1/10/2001
020 # # |a 978- 
041 # # |a fre  |a vie 
082 # # |a 495.922 341  |b Dic 
245 # # |a Tự điển Chàm - Việt - Pháp =  |b Dictionaire Căm - Vietnamien - Francais /  |c Nại Thành Bô, Thiên Sanh Cảnh, Lưu Ngọc Hiển 
260 # # |a London :  |b Macmillan,  |c 1971 
300 # # |a 593 tr.;   |c 28 cm. 
700 # # |a Lưu Ngọc Hiển 
700 # # |a Nại Thành Bô 
700 # # |a Thiên Sanh Cảnh 
992 # # |a 37800 
994 # # |a DLU 
998 # # |a TK 
900 # # |a False 
911 # # |a Administrator 
925 # # |a G 
926 # # |a A 
927 # # |a SH 
980 # # |a Thư viện Trường Đại học Đà Lạt